| 000 | 004600000a22001930004500 | ||
|---|---|---|---|
| 001 | 003607 | ||
| 003 | MACL | ||
| 005 | 20151202164326.0 | ||
| 008 | 151202b xxu||||| |||| 00| 0 eng d | ||
| 040 |
_aMACL _cMACL |
||
| 041 | _aEnglish | ||
| 082 | _a742 | ||
| 100 |
_aSewell, Anna _919143 |
||
| 245 |
_aBlack Beauty _cAnna Sewell |
||
| 260 |
_aMadhuban Educational Books, _c2007 |
||
| 350 | _a52 | ||
| 650 |
_aChildren's Book _919144 |
||
| 942 |
_k742 _cBK _2ddc |
||
| 999 |
_c15505 _d15505 |
||